Statistiques concernant Les 7 royaumes ou couronnes de Westeros-Game of Thrones

Cliquez ici pour prendre le quiz!

Statistiques générales

  • Ce quiz a été pris 83 fois
  • Le résultat moyen est 4 sur 7

Statistiques - réponses

Réponse% Correct
Royaume du Nord
99%
Royaume de Dorne
69%
Royaume des Terres de l'orage
64%
Royaume de la Montagne et du Val
57%
Royaume du Roc
41%
Royaume des rivières et des collines
40%
Royaume du Bief
27%

Distribution des résultats

Percentile par nombre de réponses

% des personnes avec chaque résultat

Votre développement - résultats

Vous n’avez pas pris ce quiz